Hauptstädte und größte Städte (Niederlande) - Statistiken

Allgemein
  • Dieses Quiz wurde 28 mal gespielt
  • Das Durchschnittsergebnis liegt bei 21 aus 42
Antwortstatistiken
Antwort % Korrekt
Amsterdam
100%
Amsterdam
100%
Amsterdam
100%
Amsterdam
100%
Den Haag
100%
Den Haag
100%
Groningen
89%
Utrecht
89%
Utrecht
89%
Groningen
83%
Den Haag
67%
Haarlem
67%
Rotterdam
67%
Amsterdam
61%
Maastricht
61%
Maastricht
61%
Assen
56%
Eindhoven
56%
Lelystad
56%
Middelburg
56%
Arnheim
50%
Leeuwarden
50%
Leeuwarden
50%
Almere
44%
Herzogenbusch
44%
Emmen
39%
Enschede
39%
Nimwegen
39%
Terneuzen
39%
Zwolle
39%
Willemstad
28%
Willemstad
28%
Oranjestad
17%
Oranjestad
17%
Kralendijk
11%
Kralendijk
11%
Oranjestad
11%
Oranjestad
11%
Philipsburg
11%
Lower Prince's Quarter
0%
The Bottom
0%
Windwardside
0%
Keine übereinstimmenden Quizze gefunden
Verteilung der Resultate
Anzahl Personen mit jedem Resultat
Perzentil nach korrekt beantworteten Fragen
Ihre Resultats-Entwicklung
Sie haben dieses Quiz noch nicht gespielt